| 000 | 00752nam a22002177a 4500 | ||
|---|---|---|---|
| 999 |
_c8504 _d8504 |
||
| 001 | 8504 | ||
| 003 | OSt | ||
| 005 | 20180717083337.0 | ||
| 008 | 180226b1968 bg ||||| |||| 00| 0 ben d | ||
| 035 | _a(BD-JhCC)8504 | ||
| 040 |
_aBD-JhCC _dBD-JhCC |
||
| 041 | _aben | ||
| 082 |
_a540 _bGOS 1968 |
||
| 100 | _aষোষ, অধ্যাপক রাসবিহারী | ||
| 245 |
_aউচ্চ মাধ্যমিক রসায়ন বিজ্ঞান (প্রথম খন্ড) / _cঅধ্যাপক রাসবিহারী ষোষ |
||
| 260 |
_aঢাকাঃ _bআইডিয়াল পাবলিকেসন্স _c1968. |
||
| 300 |
_a570 p. : _c21 cm. |
||
| 650 | _aChemistry | ||
| 942 |
_2ddc _cBK |
||